La Argentina del siglo 21 (Record no. 13082)
[ view plain ]
| 000 -CABECERA | |
|---|---|
| campo de control de longitud fija | 00500cam a22002052a 4500 |
| 001 - NÚMERO DE CONTROL | |
| campo de control | 007268 |
| 003 - IDENTIFICADOR DEL NÚMERO DE CONTROL | |
| campo de control | AR-FADEU |
| 008 - DATOS DE LONGITUD FIJA--INFORMACIÓN GENERAL | |
| campo de control de longitud fija | 311216n1986####xxu####################dd |
| 020 ## - NÚMERO INTERNACIONAL ESTÁNDAR DEL LIBRO | |
| Número Internacional Estándar del Libro | 950-37-0154-6 |
| 092 ## - ASIGNACIÓN LOCAL DE SIGNATURA TOPOGRÁFICA DEWEY (OCLC) | |
| Número de clasificación | 320.982 |
| Número de documento/Ítem | T323ar |
| Característica del encabezamiento | BLYNK |
| 100 ## - ENTRADA PRINCIPAL--NOMBRE DE PERSONA | |
| Nombre de persona | Terragno, Rodolfo H. |
| 245 ## - MENCIÓN DE TÍTULO | |
| Título | La Argentina del siglo 21 |
| 260 ## - PUBLICACIÓN, DISTRIBUCIÓN, ETC. (PIE DE IMPRENTA) | |
| Lugar de publicación, distribución, etc. | Buenos Aires |
| 260 ## - PUBLICACIÓN, DISTRIBUCIÓN, ETC. (PIE DE IMPRENTA) | |
| Nombre del editor, distribuidor, etc. | Sudamericana |
| 260 ## - PUBLICACIÓN, DISTRIBUCIÓN, ETC. (PIE DE IMPRENTA) | |
| Nombre del editor, distribuidor, etc. | Planeta |
| 260 ## - PUBLICACIÓN, DISTRIBUCIÓN, ETC. (PIE DE IMPRENTA) | |
| Fecha de publicación, distribución, etc. | 1986 |
| 300 ## - DESCRIPCIÓN FÍSICA | |
| Extensión | 180 p |
| 650 ## - PUNTO DE ACCESO ADICIONAL DE MATERIA--TÉRMINO DE MATERIA | |
| Término de materia o nombre geográfico como elemento inicial | ARGENTINA PROYECTO POLITICO/BLYNK/ |
| 942 ## - ELEMENTOS DE PUNTO DE ACCESO ADICIONAL (KOHA) | |
| Tipo de ítem Koha | BLYNK |
| Estado de retiro | Estado de pérdida | Estado dañado | No para préstamo | Código de colección | Localización permanente | Ubicación/localización actual | Ubicación en estantería | Fecha de adquisición | Número de inventario | Total de préstamos | Signatura topográfica completa | Código de barras | Fecha visto por última vez | Precio válido a partir de | Tipo de ítem Koha |
|---|---|---|---|---|---|---|---|---|---|---|---|---|---|---|---|
| Biblioteca Natalio Kisnerman | Biblioteca Ernesto Sabato - FADECS - UNCOMA | Biblioteca Ernesto Sabato - FADECS - UNCOMA | Biblioteca Natalio Kisnerman | 21/02/2017 | 784 | 320.982 T323ar | 784 | 21/02/2017 | 21/02/2017 | BLYNK | |||||
| Biblioteca Natalio Kisnerman | Biblioteca Ernesto Sabato - FADECS - UNCOMA | Biblioteca Ernesto Sabato - FADECS - UNCOMA | Biblioteca Natalio Kisnerman | 21/02/2017 | 865 | 320.982 T323ar | 865 | 21/02/2017 | 21/02/2017 | BLYNK | |||||
| Biblioteca Natalio Kisnerman | Biblioteca Ernesto Sabato - FADECS - UNCOMA | Biblioteca Ernesto Sabato - FADECS - UNCOMA | Biblioteca Natalio Kisnerman | 21/02/2017 | 992 | 320.982 T323ar | 992 | 21/02/2017 | 21/02/2017 | BLYNK | |||||
| Biblioteca Natalio Kisnerman | Biblioteca Ernesto Sabato - FADECS - UNCOMA | Biblioteca Ernesto Sabato - FADECS - UNCOMA | Biblioteca Natalio Kisnerman | 21/02/2017 | 9437 | 320.982 T323ar | 9437 | 21/02/2017 | 21/02/2017 | BLYNK | |||||
| Biblioteca Natalio Kisnerman | Biblioteca Ernesto Sabato - FADECS - UNCOMA | Biblioteca Ernesto Sabato - FADECS - UNCOMA | Biblioteca Natalio Kisnerman | 21/02/2017 | 14719 | 320.982 T323ar | 14719 | 21/02/2017 | 21/02/2017 | BLYNK |